The Formation of the Milky Way : (Record no. 12197)

MARC details
000 -LEADER
fixed length control field 01351cam a2200325 i 4500
001 - CONTROL NUMBER
control field 4452363
003 - CONTROL NUMBER IDENTIFIER
control field EG-ScBUE
005 - DATE AND TIME OF LATEST TRANSACTION
control field 20241218092852.0
008 - FIXED-LENGTH DATA ELEMENTS--GENERAL INFORMATION
fixed length control field 950605s1995 enka f 100 0 eng d
020 ## - INTERNATIONAL STANDARD BOOK NUMBER
International Standard Book Number 0521481775
020 ## - INTERNATIONAL STANDARD BOOK NUMBER
International Standard Book Number 9780521481779
040 ## - CATALOGING SOURCE
Original cataloging agency DLC
Language of cataloging eng
Description conventions rda
Transcribing agency DLC
Modifying agency DLC
-- EG-ScBUE
082 04 - DEWEY DECIMAL CLASSIFICATION NUMBER
Classification number 523.113
Edition number 22
Item number FOR
111 2# - MAIN ENTRY--MEETING NAME
Meeting name or jurisdiction name as entry element IAA-IAC-University of Pisa Workshop
Date of meeting (1994 :
Location of meeting Granada, Spain)
9 (RLIN) 7551
245 14 - TITLE STATEMENT
Title The Formation of the Milky Way :
Remainder of title proceedings of the IAA-IAC-university of pisa workshop, held in granada, Spain, September 4-9, 1994 /
Statement of responsibility, etc edited by E.J. Alfaro and A.J. Delgado.
264 #1 - PUBLICATION, DISTRIBUTION, ETC. (IMPRINT)
Place of publication, distribution, etc Cambridge ;
-- New York :
Name of publisher, distributor, etc Cambridge University Press,
Date of publication, distribution, etc 1995.
300 ## - PHYSICAL DESCRIPTION
Extent xvi, 360 pages :
Other physical details illustrations ;
Dimensions 24 cm
336 ## - CONTENT TYPE
Source rdacontent
Content type term text
Content type code txt
337 ## - MEDIA TYPE
Media type term unmediated
Source rdamedia
Media type code n
338 ## - CARRIER TYPE
Carrier type term volume
Carrier type code nc
Source rdacarrier
650 #7 - SUBJECT ADDED ENTRY--TOPICAL TERM
Topical term or geographic name as entry element Galaxies
General subdivision Formation
-- Congresses.
Source of heading or term BUEsh
9 (RLIN) 7552
650 #7 - SUBJECT ADDED ENTRY--TOPICAL TERM
Topical term or geographic name as entry element Galaxies
General subdivision Evolution
-- Congresses.
Source of heading or term BUEsh
9 (RLIN) 7553
651 #7 - SUBJECT ADDED ENTRY--GEOGRAPHIC NAME
Geographic name Milky Way
General subdivision Congresses.
Source of heading or term BUEsh
9 (RLIN) 7554
655 ## - INDEX TERM--GENRE/FORM
Form subdivision Reading book
700 1# - ADDED ENTRY--PERSONAL NAME
Personal name Alfaro, E. J.,
Relator term editor.
9 (RLIN) 7555
700 1# - ADDED ENTRY--PERSONAL NAME
Personal name Delgado, A. J.,
Relator term editor.
9 (RLIN) 7556
856 42 - ELECTRONIC LOCATION AND ACCESS
Materials specified Publisher description
Uniform Resource Identifier <a href="http://www.loc.gov/catdir/description/cam027/95030433.html">http://www.loc.gov/catdir/description/cam027/95030433.html</a>
856 41 - ELECTRONIC LOCATION AND ACCESS
Materials specified Table of contents
Uniform Resource Identifier <a href="http://www.loc.gov/catdir/toc/cam021/95030433.html">http://www.loc.gov/catdir/toc/cam021/95030433.html</a>
942 ## - ADDED ENTRY ELEMENTS (KOHA)
Source of classification or shelving scheme Dewey Decimal Classification
Koha item type Book - Borrowing
Holdings
Withdrawn status Lost status Source of classification or shelving scheme Damaged status Not for loan Collection code Home library Current library Shelving location Date acquired Source of acquisition Cost, normal purchase price Serial Enumeration / chronology Total Checkouts Total Renewals Full call number Barcode Date last seen Date checked out Price effective from Koha item type
    Dewey Decimal Classification     Alahram Central Library Central Library First floor 05/07/2009   272.80 72 1 1 523.113 FOR 000017333 15/07/2025 23/05/2013 05/07/2009 Book - Borrowing